[Event "African Online-ch U20-Open 2021"]
[Site "Online"]
[Date "2021.02.01"]
[Round "7.4"]
[White "Celso Andre Manjate"]
[Black "Junior, Domingos"]
[Result "0-1"]
[WhiteElo "1721"]
[BlackElo "1894"]
[Annotator "NA RC"]
[PlyCount "66"]
[EventDate "2021.02.01"]
[EventType "swiss"]
[EventCountry "NET"]
[SourceTitle "playchess.com"]
[Source "ChessBase"]
[SourceQuality "1"]
[TimeControl "1500+10"]

1. e4 {[%emt 0:00:00]} c6 {[%emt 0:00:23]} 2. d4 {[%emt 0:00:04]} d5 {[%emt 0:00:18]} 3. exd5 {[%emt 0:00:03]} cxd5 {[%emt 0:00:03]} 4. Bd3 {[%emt 0:00:02]} Nc6 {[%emt 0:00:05]} 5. c3 {[%emt 0:00:04]} Qc7 {[%emt 0:00:12]} 6. Nf3 {[%emt 0:00:03]} Bg4 {[%emt 0:00:05]} 7. Be3 {[%emt 0:00:05] B13: Caro-Kann: Exchange Variation and Panov-Botvinnik Attack.} Nf6 {[%emt 0:00:11]} 8. Nbd2 {[%emt 0:00:03]} e6 {[%emt 0:00:05]} 9. O-O {[%emt 0:00:04]} Bd6 {[%emt 0:00:08]} 10. h3 {[%emt 0:00:03]} Bh5 {[%emt 0:00:03]} 11. a3 {[%emt 0:00:03]} O-O {[%emt 0:00:26] [#]} 12. Qc2 $146 {[%emt 0:00:02]} ({Predecessor:} 12. Re1 Rab8 13. Qb1 Bg6 14. Bxg6 hxg6 15. a4 a6 16. Qd3 Rfc8 17. Rec1 Na5 18. b3 {½-½ (47) Korley,K (2447)-Krush,I (2424) New York 2019}) 12... Bg6 {[%emt 0:00:16]} 13. Bg5 {[%emt 0:00:09]} Nh5 {[%emt 0:01:48]} 14. Rfe1 {[%emt 0:05:33]} Rac8 {[%emt 0:01:30]} 15. Nb3 {[%emt 0:03:23]} Rfe8 {[%emt 0:03:51]} 16. Bxg6 {[%emt 0:01:26]} hxg6 {[%emt 0:00:11]} 17. Nc5 {[%emt 0:02:17]} Bxc5 {[%emt 0:02:00]} 18. dxc5 {[%emt 0:00:04]} e5 {[%emt 0:00:06]} 19. b4 {[%emt 0:00:09]} e4 {[%emt 0:00:09]} 20. Nd2 {[%emt 0:02:20]} f5 {[%emt 0:03:38]} ({Black should play} 20... f6 $15 21. Be3 f5) 21. g4 {[%emt 0:06:48]} Nf4 {[%emt 0:00:47]} 22. Bxf4 {[%emt 0:00:35]} Qxf4 {[%emt 0:00:05]} 23. Re3 {[%emt 0:03:02]} Qg5 {[%emt 0:00:56]} 24. Rae1 {[%emt 0:01:41]} Ne5 {[%emt 0:00:51]} 25. Nf1 {[%emt 0:00:48]} f4 {[%emt 0:00:08]} 26. R3e2 {[%emt 0:00:08]} Nxg4 {[%emt 0:01:33]} 27. hxg4 {[%emt 0:00:03]} Qxg4+ {[%emt 0:00:04]} 28. Ng3 {[%emt 0:00:06]} f3 {[%emt 0:00:17]} 29. Rxe4 {[%emt 0:00:23]} Qh3 {[%emt 0:00:25]} 30. Rxe8+ {[%emt 0:00:03]} Rxe8 {[%emt 0:00:21]} 31. Rxe8+ {[%emt 0:00:04]} Kh7 {[%emt 0:00:11]} 32. Rh8+ {[%emt 0:00:27]} Kxh8 {[%emt 0:00:04]} 33. Qxg6 {[%emt 0:00:05]} Qg2# {[%emt 0:00:05]} 0-1

[Event "African Online-ch U20-Open 2021"]
[Site "Online"]
[Date "2021.02.01"]
[Round "7.5"]
[White "Elayeb, Med Yessine"]
[Black "Elier, Ali"]
[Result "0-1"]
[WhiteElo "1666"]
[BlackElo "2037"]
[Annotator "TA"]
[PlyCount "102"]
[EventDate "2021.02.01"]
[EventType "swiss"]
[EventCountry "NET"]
[SourceTitle "playchess.com"]
[Source "ChessBase"]
[SourceQuality "1"]

{[%evp 16,102,50,54,67,15,57,-90,-10,-10,0,-19,-17,-80,-80,-135,-131,-135,-110,-116,-135,-139,-85,-76,-80,-58,0,0,10,8,16,0,47,38,39,42,40,16,7,-14,0,-29,-30,-66,-63,-59,0,0,0,-9,0,0,0,0,0,0,0,0,0,-65,-64,-122,-59,-74,-76,-122,-119,-132,-114,-352,-352,-329,-280,-386,-382,-387,-363,-487,-480,-593,-582,-804,-797,-752,-713,-29975,-29976,-29989,-29985]} 1. Nf3 Nf6 2. g3 g6 3. Bg2 Bg7 4. O-O O-O 5. d4 d6 6. c4 Nbd7 7. Nc3 c5 8. e4 cxd4 9. Nxd4 Ne5 {E65: King's Indian: Fianchetto: 6...c5 7 0-0 without d5 by White.} 10. Qe2 ({White should play} 10. b3 $14) 10... Bd7 {[#]} 11. f4 $146 {[#]} (11. b3 $14 {keeps the upper hand.}) ({Predecessor:} 11. h3 Qc8 12. g4 Nxc4 13. Nc2 Be6 14. Rd1 Rd8 15. Nd4 Bd7 16. b3 Ne5 17. Bb2 Nexg4 18. hxg4 Bxg4 {1-0 (43) Haraguchi,D (1765)-Correia Da Silva,G (1198) Sao Paulo 2020}) 11... Bg4 (11... Qb6 $1 $17 {...Nc6 is the strong threat.} 12. Kh1 Qxd4 13. fxe5 Qxe5) 12. Nf3 $1 $11 Nxf3+ 13. Bxf3 Bxf3 14. Qxf3 {[#]} (14. Rxf3 $11 Rc8 15. Rb1) 14... Rc8 $1 $17 15. e5 (15. b3 $142) 15... dxe5 16. fxe5 Qd4+ 17. Be3 Qxe5 18. Rae1 Qc7 (18... Rxc4 $142 19. Qxb7 Qb8 20. Qxb8 Rxb8) 19. b3 a6 20. Bd4 {[%cal Rd4f6]} Nh5 (20... Rce8 $15) 21. Bxg7 $1 $11 Nxg7 22. Nd5 Qc5+ 23. Kg2 Ne6 24. b4 {[%mdl 1024] White has compensation.} Qd6 25. c5 Qd8 $1 26. Rd1 Qe8 27. Nb6 {Strongly threatening Nd7.} Rc7 28. Qd5 {With the idea Nd7.} (28. Kg1 {feels hotter.} Kg7 29. Qe4 Qc6 30. Qe3 f6 31. h4) 28... Qc6 29. Qxc6 bxc6 30. Rf3 f5 31. Ra3 Ra7 $1 32. Rd7 Rxd7 33. Nxd7 {[%mdl 4096] Endgame KRN-KRN} Rd8 34. Ne5 Rd2+ 35. Kg1 Nc7 36. Nxc6 Kf7 37. Ne5+ (37. h4 $11) 37... Kf6 $15 38. Nc4 (38. Re3 $15) 38... Rc2 (38... Rd1+ $17 39. Kf2 Rd4) 39. Ne3 Rb2 40. Ra4 e5 41. Nc4 Rc2 42. Na3 $2 {This costs White the game.} (42. Ne3 $17 {was worth a try.} Re2 43. Ra3) 42... Rxa2 $19 43. Ra5 e4 44. c6 Ke6 45. h3 h6 46. Kf1 g5 47. Ke1 f4 48. gxf4 gxf4 49. Kf1 f3 50. b5 axb5 51. Ra7 e3 {Accuracy: White = 50%, Black = 75%.} 0-1

[Event "African Online-ch U20-Open 2021"]
[Site "Online"]
[Date "2021.02.01"]
[Round "7.6"]
[White "Fourie, Brandon"]
[Black "Khumalo, Keith"]
[Result "0-1"]
[WhiteElo "1583"]
[BlackElo "2142"]
[Annotator "TA"]
[PlyCount "56"]
[EventDate "2021.02.01"]
[EventType "swiss"]
[EventCountry "NET"]
[SourceTitle "playchess.com"]
[Source "ChessBase"]
[SourceQuality "1"]

{[%evp 15,55,55,75,39,54,50,49,49,107,59,53,61,167,79,193,8,39,36,54,36,57,56,55,53,70,83,105,38,48,-72,78,76,83,76,118,-29995,-29996,-29996,-29997,-29997,-29998,-29999]} 1. e4 c5 2. Nf3 e6 3. d4 cxd4 4. Nxd4 a6 5. Bd3 Qc7 6. O-O d6 7. Qe2 Nf6 8. c4 b6 9. b3 {B42: Sicilian: Kan Variation: 5 Bd3.} Bb7 10. Bb2 Nbd7 11. Nc3 {White is slightly better.} Rc8 (11... Be7 $14) 12. f4 Be7 13. Rae1 h5 ({Better is} 13... O-O $14) 14. Kh1 (14. h3 $1 $18 {is more deadly.}) 14... h4 {[#]} (14... O-O $16 {keeps fighting.}) 15. f5 $2 (15. Nd5 $1 $18 {[%cal Rd5c7][%mdl 512]} Qd8 16. Kg1 $1) 15... e5 $1 $11 {[%cal Re5d4] [#]} 16. Nf3 $146 ({Predecessor:} 16. Nc2 Nh5 17. Ne3 Bg5 18. Rf3 Nc5 19. Bc2 Qd8 20. Kg1 Bf4 21. Ned5 Qg5 22. Qd1 {1-0 (41) Diaz Velandia,J-Pinero,C (1908) Merida 2010}) 16... Nh5 17. Bc1 b5 18. Nd5 Bxd5 19. cxd5 Nc5 20. Bb1 Qa5 21. Qb2 (21. Be3 $16) 21... b4 22. Nd2 {[#]} (22. Be3 $14) 22... Kd7 (22... Ng3+ $1 $17 {stays on course.} 23. Kg1 (23. hxg3 hxg3+ 24. Kg1 Nd3 $17) 23... Nxf1) 23. Nc4 $36 {[%mdl 2048] White has strong initiative.} Qd8 {Black wants to play ...Ng3+.} 24. a3 Ng3+ 25. hxg3 $2 {[%mdl 8192]} (25. Kg1 $16 bxa3 26. Qxa3 Nxf1 27. b4) 25... hxg3+ {Black mates.} 26. Kg1 {[#]} Rh1+ $3 {[%mdl 576] Decoy, Clearance} 27. Kxh1 Qh8+ 28. Kg1 Qh2# {Black used his chance.  Weighted Error Value: White=0.61/Black=0.28} 0-1

[Event "African Online-ch U20-Open 2021"]
[Site "Online"]
[Date "2021.02.01"]
[Round "7.7"]
[White "Bidi, Abdeljalil"]
[Black "Lion, Pierre"]
[Result "0-1"]
[WhiteElo "1750"]
[BlackElo "1586"]
[Annotator "NA RC"]
[PlyCount "168"]
[EventDate "2021.02.01"]
[EventType "swiss"]
[EventCountry "NET"]
[SourceTitle "playchess.com"]
[Source "ChessBase"]
[SourceQuality "1"]
[TimeControl "1500+10"]

1. e4 {[%emt 0:00:00]} g6 {[%emt 0:00:07]} 2. d4 {[%emt 0:00:03]} Bg7 {[%emt 0:00:05]} 3. Nf3 {[%emt 0:00:02]} d6 {[%emt 0:00:07]} 4. Nc3 {[%emt 0:00:03]} a6 {[%emt 0:00:05]} 5. Be3 {[%emt 0:00:06]} b5 {[%emt 0:00:11]} 6. a3 {[%emt 0:00:04]} Nd7 {[%emt 0:00:12]} 7. Be2 {[%emt 0:00:24]} Bb7 {[%emt 0:00:05]} 8. O-O {[%emt 0:00:14]} Ngf6 {[%emt 0:00:26]} 9. d5 {[%emt 0:00:39]} O-O {[%emt 0:00:24]} 10. h3 {[%emt 0:00:10]} c6 {[%emt 0:00:19]} 11. Nh2 {[%emt 0:02:03]} Nb6 {[%emt 0:01:10]} 12. dxc6 {[%emt 0:01:21]} Bxc6 {[%emt 0:00:04]} 13. e5 {[%emt 0:00:05]} Nfd5 {[%emt 0:01:05]} 14. Bxb6 {[%emt 0:00:57]} Nxb6 {[%emt 0:00:04]} 15. exd6 {[%emt 0:00:03]} exd6 {[%emt 0:00:12]} 16. Qd2 {[%emt 0:00:38]} d5 {[%emt 0:01:26]} 17. Bd3 {[%emt 0:03:22]} Nc4 {[%emt 0:00:15]} 18. Bxc4 {[%emt 0:00:08]} dxc4 {[%emt 0:00:04]} 19. Rad1 {[%emt 0:00:40]} Qc7 {[%emt 0:00:28]} 20. Qd6 {[%emt 0:02:53]} Qb7 {[%emt 0:00:32]} 21. Qg3 {[%emt 0:00:39]} Rfe8 {[%emt 0:00:15]} 22. Rfe1 {[%emt 0:00:33]} a5 {[%emt 0:00:46]} 23. Ng4 {[%emt 0:03:02]} b4 {[%emt 0:00:07]} 24. axb4 {[%emt 0:00:17]} axb4 {[%emt 0:00:03]} 25. Nb1 {[%emt 0:00:02]} Bxb2 {[%emt 0:00:07]} 26. Nh6+ {[%emt 0:00:23]} Kf8 {[%emt 0:01:10]} 27. Nd2 {[%emt 0:01:44]} Bg7 {[%emt 0:00:41]} 28. Qd6+ {[%emt 0:00:11]} Re7 {[%emt 0:00:12]} 29. Rxe7 {[%emt 0:00:06]} Qxe7 {[%emt 0:00:01]} 30. Qxc6 {[%emt 0:00:03]} Rd8 {[%emt 0:00:06]} 31. Ng4 {[%emt 0:00:59]} c3 {[%emt 0:00:06]} 32. Ne3 {[%emt 0:00:30]} cxd2 {[%emt 0:00:08]} 33. Kf1 {[%emt 0:00:41]} Bc3 {[%emt 0:00:11]} 34. Ke2 {[%emt 0:01:02]} f5 {[%emt 0:00:12]} 35. g3 {[%emt 0:00:21]} g5 {[%emt 0:00:34]} 36. Qf3 {[%emt 0:00:11]} Qe4 {[%emt 0:00:51]} 37. Qxf5+ {[%emt 0:00:10]} Qxf5 {[%emt 0:00:02]} 38. Nxf5 {[%emt 0:00:01]} Re8+ {[%emt 0:00:02]} 39. Ne3 {[%emt 0:00:02]} Ra8 {[%emt 0:00:12]} 40. Kf3 {[%emt 0:00:52]} Kf7 {[%emt 0:00:19]} 41. Kg4 {[%emt 0:00:30]} Kg6 {[%emt 0:00:04]} 42. Kf3 {[%emt 0:00:34]} h5 {[%emt 0:00:10]} 43. h4 {[%emt 0:00:16]} g4+ {[%emt 0:00:03]} 44. Ke2 {[%emt 0:00:12]} Rd8 {[%emt 0:00:33]} 45. Ng2 {[%emt 0:00:44]} Re8+ {[%emt 0:00:19]} 46. Ne3 {[%emt 0:00:04]} Re4 {[%emt 0:00:19]} 47. Kd3 {[%emt 0:01:10]} Rd4+ {[%emt 0:00:03]} 48. Ke2 {[%emt 0:00:02]} Kf6 {[%emt 0:00:02]} 49. Rf1 {[%emt 0:00:17]} Ke5 {[%emt 0:00:20]} 50. f4+ {[%emt 0:00:14]} gxf3+ {[%emt 0:00:04]} 51. Kxf3 {[%emt 0:00:11]} Re4 {[%emt 0:00:08]} 52. Rd1 {[%emt 0:01:10]} Rd4 {[%emt 0:00:33]} 53. Ke2 {[%emt 0:00:35]} Ke4 {[%emt 0:00:18]} 54. Rf1 {[%emt 0:00:16]} Rd8 {[%emt 0:04:29]} 55. Rf4+ {[%emt 0:01:13]} Ke5 {[%emt 0:00:01]} 56. Nc4+ {[%emt 0:00:17]} Ke6 {[%emt 0:00:25]} 57. Rf1 {[%emt 0:00:06]} Rd4 {[%emt 0:00:08]} 58. Ne3 {[%emt 0:00:06]} Kd7 {[%emt 0:01:04]} 59. Rd1 {[%emt 0:00:26]} Kc6 {[%emt 0:00:21]} 60. Nf5 {[%emt 0:00:18]} Re4+ {[%emt 0:00:04]} 61. Ne3 {[%emt 0:00:01]} Kb5 {[%emt 0:00:04]} 62. Kf3 {[%emt 0:00:19]} Re8 {[%emt 0:00:20]} 63. Rb1 {[%emt 0:00:32]} Ka4 {[%emt 0:00:15]} 64. Kf2 {[%emt 0:00:13]} Ka3 {[%emt 0:00:36]} 65. Nd1 {[%emt 0:00:05]} Ka2 {[%emt 0:00:21]} 66. Nxc3+ {[%emt 0:00:09]} bxc3 {[%emt 0:00:04]} 67. Rd1 {[%emt 0:00:08]} Kb2 {[%emt 0:00:01]} 68. g4 {[%emt 0:00:03]} hxg4 {[%emt 0:00:03]} 69. Kg3 {[%emt 0:00:02]} Kxc2 {[%emt 0:00:01]} 70. Ra1 {[%emt 0:00:05]} d1=Q {[%emt 0:00:04]} 71. Rxd1 {[%emt 0:00:02]} Kxd1 {[%emt 0:00:02]} 72. Kxg4 {[%emt 0:00:02]} Re4+ {[%emt 0:00:01]} 73. Kg3 {[%emt 0:00:03]} Rxh4 {[%emt 0:00:02]} 74. Kxh4 {[%emt 0:00:01]} c2 {[%emt 0:00:01]} 75. Kg5 {[%emt 0:00:02]} c1=Q+ {[%emt 0:00:02]} 76. Kg6 {[%emt 0:00:01]} Qc5 {[%emt 0:00:02]} 77. Kg7 {[%emt 0:00:02]} Qd6 {[%emt 0:00:01]} 78. Kg8 {[%emt 0:00:01]} Qd7 {[%emt 0:00:02]} 79. Kh8 {[%emt 0:00:02]} Ke2 {[%emt 0:00:01]} 80. Kg8 {[%emt 0:00:01]} Kf3 {[%emt 0:00:01]} 81. Kf8 {[%emt 0:00:01]} Kf4 {[%emt 0:00:02]} 82. Kg8 {[%emt 0:00:02]} Kf5 {[%emt 0:00:01]} 83. Kh8 {[%emt 0:00:01]} Kg6 {[%emt 0:00:02]} 84. Kg8 {[%emt 0:00:01]} Qd8# {[%emt 0:00:01]} 0-1

[Event "African Online-ch U20-Open 2021"]
[Site "Online"]
[Date "2021.02.01"]
[Round "7.8"]
[White "Vasco Mateus Felizardo Viageir"]
[Black "Oosthuizen, Michal Jacobus"]
[Result "1-0"]
[WhiteElo "1862"]
[BlackElo "1920"]
[Annotator "TA"]
[PlyCount "71"]
[EventDate "2021.02.01"]
[EventType "swiss"]
[EventCountry "NET"]
[SourceTitle "playchess.com"]
[Source "ChessBase"]
[SourceQuality "1"]

{[%evp 21,70,0,0,20,34,4,0,0,23,0,50,43,104,15,17,35,43,31,89,83,107,105,73,64,35,16,106,88,162,81,249,253,227,236,343,368,485,502,1357,1340,1067,1020,29983,29984,29984,29985,29990,12835,29998,29999,29999]} 1. e4 c5 2. Nf3 d6 3. d4 cxd4 4. Nxd4 Nf6 5. Nc3 a6 6. f3 e6 7. Be3 b5 8. Qd2 Bb7 9. O-O-O Nbd7 10. g4 Nb6 11. g5 Nfd7 12. a3 {B80: Sicilian Scheveningen: 6 g3 and 6 Be3, including English Attack.} Be7 13. h4 Rc8 14. h5 {The position is equal.} Ne5 15. Rg1 g6 16. f4 Nec4 {[#]} 17. Bxc4 (17. Qf2 $1 $16) 17... Nxc4 $11 18. Qd3 {[#]} e5 $146 ({Predecessor:} 18... Qa5 19. f5 gxf5 20. exf5 b4 21. Nb3 Qe5 22. Bd4 Qf4+ 23. Kb1 bxc3 24. Bxh8 Be4 {0-1 (31) Diesen,B (2141)-Urkedal,F (2265) Norway 2008}) 19. Nb3 Rg8 (19... Qc7 $14) 20. hxg6 $16 hxg6 21. Kb1 Qc7 22. Nd5 Bxd5 23. exd5 Rh8 (23... Nxe3 $11 24. Qxe3 Qxc2+ 25. Ka2 exf4 26. Qxf4 Qf5) 24. Bc1 a5 (24... Qd7 $16 {keeps fighting.}) 25. f5 ({White should try} 25. Rh1 $18 Rxh1 26. Rxh1) 25... Rg8 {Loses the game.} (25... gxf5 $16 26. Qxf5 Qd7) 26. fxg6 $18 Rxg6 27. Rh1 a4 (27... Bf8 {is a better defense.} 28. Rde1 b4) 28. Nd2 (28. Rh8+ Bf8 $16) 28... Nxd2+ 29. Rxd2 {[%cal Bd1d2,Bd2f2,Bf2f7][%mdl 32]} ({Not} 29. Bxd2 Bf8 $18) 29... Qd7 (29... Bf8 $142 30. Rf2 (30. Qxb5+ Qd7 $18) 30... Rb8) 30. Rh8+ Bf8 31. Rf2 {[#] Strongly threatening Qxg6!} Rg7 32. g6 Rc4 33. Bh6 e4 34. Qe2 (34. Bxg7 $142 Kd8 35. Qe3 Rc5 36. Rxf7 Qxf7 37. gxf7 Kd7 38. Rxf8 Rxd5 39. Qa7+ Ke6 40. Re8+ Kf5 41. f8=Q+ Kg5 42. Qe3+ {[%mdl 64] Double Attack} Kh5 43. Qh3+ Kg6 44. Qh6#) 34... Rxg6 35. Rxf8+ Ke7 36. R2xf7# {Weighted Error Value: White=0.16/Black=0.83} 1-0

[Event "African Online-ch U20-Open 2021"]
[Site "Online"]
[Date "2021.02.01"]
[Round "7.9"]
[White "van der Merwe, Alexander"]
[Black "Joao Farisse"]
[Result "0-1"]
[WhiteElo "1655"]
[BlackElo "1574"]
[Annotator "NA RC"]
[PlyCount "158"]
[EventDate "2021.02.01"]
[EventType "swiss"]
[EventCountry "NET"]
[SourceTitle "playchess.com"]
[Source "ChessBase"]
[SourceQuality "1"]
[TimeControl "1500+10"]

1. e4 {[%emt 0:00:00]} e5 {[%emt 0:00:04]} 2. Nf3 {[%emt 0:00:03]} Nc6 {[%emt 0:00:06]} 3. Bb5 {[%emt 0:00:02]} d6 {[%emt 0:00:05]} 4. d4 {[%emt 0:00:22]} exd4 {[%emt 0:00:16]} 5. Nxd4 {[%emt 0:00:04]} Bd7 {[%emt 0:00:18]} 6. O-O {[%emt 0:00:19]} Nf6 {[%emt 0:00:45]} 7. Re1 {[%emt 0:00:19]} Be7 {[%emt 0:00:04]} 8. Nc3 {[%emt 0:00:21]} O-O {[%emt 0:00:07]} 9. Bg5 {[%emt 0:00:27]} Nxd4 {[%emt 0:00:57]} 10. Qxd4 {[%emt 0:00:39]} Bxb5 {[%emt 0:00:24]} 11. Nxb5 {[%emt 0:00:04]} Qd7 {[%emt 0:00:23]} 12. Nc3 {[%emt 0:00:16]} h6 {[%emt 0:00:09]} 13. Bh4 {[%emt 0:00:12]} Qg4 {[%emt 0:00:45]} 14. Bg3 {[%emt 0:00:33]} Nh5 {[%emt 0:00:15]} 15. Nd5 {[%emt 0:00:54]} Bd8 {[%emt 0:00:38]} 16. Re3 {[%emt 0:01:00]} f5 {[%emt 0:01:53]} 17. h3 {[%emt 0:01:32]} Qg6 {[%emt 0:00:53]} 18. exf5 {[%emt 0:01:16]} Qxf5 {[%emt 0:00:34]} 19. Rae1 {[%emt 0:01:27]} Nxg3 {[%emt 0:04:33]} 20. Rxg3 {[%emt 0:00:33]} Qf7 {[%emt 0:03:20]} 21. Re4 {[%emt 0:06:05]} Bf6 {[%emt 0:01:49]} 22. Nxf6+ {[%emt 0:00:52]} Qxf6 {[%emt 0:00:04]} 23. Qe3 {[%emt 0:00:27]} Kh8 {[%emt 0:02:14]} 24. Re6 {[%emt 0:01:07]} Qf5 {[%emt 0:01:41]} 25. c3 {[%emt 0:04:40]} Rf6 {[%emt 0:01:13]} 26. Re7 {[%emt 0:01:05]} Rf7 {[%emt 0:00:27]} 27. a4 {[%emt 0:00:59]} Raf8 {[%emt 0:00:10]} 28. Rxf7 {[%emt 0:00:39]} Rxf7 {[%emt 0:00:04]} 29. b4 {[%emt 0:00:50]} b6 {[%emt 0:00:53]} 30. Rg4 {[%emt 0:00:49]} c5 {[%emt 0:00:32]} 31. Re4 {[%emt 0:00:36]} Kh7 {[%emt 0:00:21]} 32. b5 {[%emt 0:00:17]} Qd7 {[%emt 0:01:03]} 33. Re6 {[%emt 0:00:29]} Kg8 {[%emt 0:01:14]} 34. Qe4 {[%emt 0:00:32]} d5 {[%emt 0:01:01]} 35. Qe5 {[%emt 0:00:13]} d4 {[%emt 0:00:41]} 36. cxd4 {[%emt 0:00:32]} Qxd4 {[%emt 0:00:17]} 37. Qxd4 {[%emt 0:00:15]} cxd4 {[%emt 0:00:04]} 38. Re4 {[%emt 0:00:02]} Rd7 {[%emt 0:00:03]} 39. Kf1 {[%emt 0:00:06]} d3 {[%emt 0:00:22]} 40. Ke1 {[%emt 0:00:02]} d2+ {[%emt 0:00:11]} 41. Kd1 {[%emt 0:00:02]} Kf7 {[%emt 0:00:03]} 42. Re2 {[%emt 0:00:24]} Rd4 {[%emt 0:00:11]} 43. Rxd2 {[%emt 0:00:15]} Rxa4 {[%emt 0:00:02]} 44. Rd7+ {[%emt 0:00:17]} Kf6 {[%emt 0:00:05]} 45. Ke2 {[%emt 0:00:06]} Ra5 {[%emt 0:00:21]} 46. f4 {[%emt 0:00:12]} Rxb5 {[%emt 0:00:08]} 47. Rxa7 {[%emt 0:00:02]} Rb3 {[%emt 0:00:03]} 48. Kf2 {[%emt 0:00:07]} b5 {[%emt 0:00:04]} 49. Rb7 {[%emt 0:00:12]} b4 {[%emt 0:00:07]} 50. Rb5 {[%emt 0:00:02]} g6 {[%emt 0:00:16]} 51. g3 {[%emt 0:00:17]} Rb1 {[%emt 0:00:13]} 52. Kf3 {[%emt 0:00:24]} b3 {[%emt 0:00:17]} 53. Kg4 {[%emt 0:00:06]} h5+ {[%emt 0:00:06]} 54. Kh4 {[%emt 0:00:04]} b2 {[%emt 0:00:07]} 55. Rb6+ {[%emt 0:00:15]} Kf5 {[%emt 0:00:09]} 56. Rb8 {[%emt 0:00:04]} Kf6 {[%emt 0:00:43]} 57. Rb5 {[%emt 0:00:05]} Ke6 {[%emt 0:00:10]} 58. Kg5 {[%emt 0:00:19]} Rg1 {[%emt 0:00:06]} 59. Rb6+ {[%emt 0:00:21]} Kf7 {[%emt 0:00:01]} 60. Rxb2 {[%emt 0:00:06]} Rxg3+ {[%emt 0:00:03]} 61. Kh4 {[%emt 0:00:05]} Rg1 {[%emt 0:00:02]} 62. Rb5 {[%emt 0:00:09]} Rf1 {[%emt 0:00:09]} 63. Kg5 {[%emt 0:00:03]} Rg1+ {[%emt 0:00:02]} 64. Kh6 {[%emt 0:00:09]} Rg3 {[%emt 0:00:25]} 65. Rg5 {[%emt 0:00:24]} Rxh3 {[%emt 0:00:06]} 66. Rxg6 {[%emt 0:00:09]} Rh1 {[%emt 0:00:18]} 67. Ra6 {[%emt 0:00:12]} h4 {[%emt 0:00:03]} 68. Kg5 {[%emt 0:00:07]} h3 {[%emt 0:00:04]} 69. Rh6 {[%emt 0:00:13]} Kg7 {[%emt 0:00:40]} 70. Ra6 {[%emt 0:00:12]} Rg1+ {[%emt 0:00:04]} 71. Kf5 {[%emt 0:00:08]} h2 {[%emt 0:00:04]} 72. Ra7+ {[%emt 0:00:02]} Kf8 {[%emt 0:00:24]} 73. Kf6 {[%emt 0:00:10]} Ke8 {[%emt 0:00:05]} 74. Ra8+ {[%emt 0:00:10]} Kd7 {[%emt 0:00:03]} 75. Ra7+ {[%emt 0:00:03]} Kc6 {[%emt 0:00:03]} 76. f5 {[%emt 0:00:07]} h1=Q {[%emt 0:00:06]} 77. Ke6 {[%emt 0:00:09]} Qd5+ {[%emt 0:00:06]} 78. Kf6 {[%emt 0:00:03]} Qd4+ {[%emt 0:00:03]} 79. Kf7 {[%emt 0:00:02]} Qxa7+ {[%emt 0:00:03]} 0-1

[Event "African Online-ch U20-Open 2021"]
[Site "Online"]
[Date "2021.02.01"]
[Round "7.10"]
[White "Ben Abbes, Ayoub"]
[Black "Sparg, Nathan"]
[Result "0-1"]
[WhiteElo "1481"]
[BlackElo "1413"]
[Annotator "NA RC"]
[PlyCount "88"]
[EventDate "2021.02.01"]
[EventType "swiss"]
[EventCountry "NET"]
[SourceTitle "playchess.com"]
[Source "ChessBase"]
[SourceQuality "1"]
[TimeControl "1500+10"]

1. e4 {[%emt 0:00:00]} e6 {[%emt 0:00:04]} 2. d4 {[%emt 0:00:04]} d5 {[%emt 0:00:03]} 3. e5 {[%emt 0:00:03]} c5 {[%emt 0:00:08]} 4. c3 {[%emt 0:00:03]} Nc6 {[%emt 0:00:32]} 5. Nf3 {[%emt 0:00:06]} Qb6 {[%emt 0:00:31]} 6. Qb3 {[%emt 0:00:30]} Nge7 {[%emt 0:01:35]} 7. Qxb6 {[%emt 0:00:09]} axb6 {[%emt 0:00:04]} 8. Na3 {[%emt 0:00:03]} cxd4 {[%emt 0:00:52]} 9. Nb5 {[%emt 0:00:21]} Rb8 {[%emt 0:05:22]} 10. Nd6+ {[%emt 0:00:08]} Kd7 {[%emt 0:00:06]} 11. cxd4 {[%emt 0:00:06]} f6 {[%emt 0:00:43]} 12. Be3 {[%emt 0:01:24]} Ng6 {[%emt 0:00:34]} 13. Bd3 {[%emt 0:01:08]} fxe5 {[%emt 0:01:09]} 14. Bxg6 {[%emt 0:00:22]} Bxd6 {[%emt 0:00:21]} 15. dxe5 {[%emt 0:00:13]} Bb4+ {[%emt 0:00:25]} 16. Ke2 {[%emt 0:00:10]} hxg6 {[%emt 0:00:04]} 17. Bxb6 {[%emt 0:00:05]} Rh5 {[%emt 0:01:43]} 18. a3 {[%emt 0:00:10]} Be7 {[%emt 0:00:48]} 19. Rac1 {[%emt 0:00:30]} Ra8 {[%emt 0:01:49]} 20. g4 {[%emt 0:00:48]} Rh3 {[%emt 0:01:25]} 21. Rc3 {[%emt 0:00:17]} Ra6 {[%emt 0:00:09]} 22. Be3 {[%emt 0:00:20]} b5 {[%emt 0:00:57]} 23. Rhc1 {[%emt 0:00:11]} Bb7 {[%emt 0:00:22]} 24. b4 {[%emt 0:00:10]} Bd8 {[%emt 0:01:10]} 25. Bf4 {[%emt 0:00:17]} Bb6 {[%emt 0:00:46]} 26. Bg3 {[%emt 0:00:20]} Ra8 {[%emt 0:00:34]} 27. Ng1 {[%emt 0:00:48]} Rhh8 {[%emt 0:00:07]} 28. Rf3 {[%emt 0:00:18]} Nd4+ {[%emt 0:00:06]} 29. Kd3 {[%emt 0:00:12]} Nxf3 {[%emt 0:00:04]} 30. Nxf3 {[%emt 0:00:02]} Rhf8 {[%emt 0:00:17]} 31. Ke2 {[%emt 0:00:05]} Rac8 {[%emt 0:00:04]} 32. Rd1 {[%emt 0:00:03]} Rc3 {[%emt 0:00:39]} 33. Nh4 {[%emt 0:00:09]} Rxa3 {[%emt 0:00:28]} 34. Nxg6 {[%emt 0:00:03]} Ra2+ {[%emt 0:00:29]} 35. Kf1 {[%emt 0:00:14]} Rf3 {[%emt 0:00:20]} 36. Kg2 {[%emt 0:00:20]} Rb3 {[%emt 0:00:22]} 37. Bh4 {[%emt 0:00:10]} d4+ {[%emt 0:00:39]} 38. Kg1 {[%emt 0:00:07]} Bd5 {[%emt 0:00:03]} 39. Nf8+ {[%emt 0:00:16]} Ke8 {[%emt 0:00:05]} 40. Ng6 {[%emt 0:00:05]} Rab2 {[%emt 0:00:08]} 41. h3 {[%emt 0:00:07]} Rb1 {[%emt 0:00:03]} 42. Rxb1 {[%emt 0:00:03]} Rxb1+ {[%emt 0:00:01]} 43. Kh2 {[%emt 0:00:02]} d3 {[%emt 0:00:05]} 44. Bg5 {[%emt 0:00:03]} Bxf2 {[%emt 0:00:05]} 0-1